Toyota under fire : lessons for turning crisis into opportunity.
| Main Author: | |
|---|---|
| Other Authors: | |
| Format: | Book |
| Published: |
New York:
McGraw Hill,
2012.
|
| Subjects: |
| LEADER | 00560cam a2200181 7i4500 | ||
|---|---|---|---|
| 001 | 0000028009 | ||
| 005 | 20130215090000.0 | ||
| 020 | 0 | 0 | |a 9780071762991 |
| 090 | 0 | 0 | |a B 338.76292220952 |b LIK |
| 100 | 1 | 0 | |a Liker |
| 245 | 1 | 0 | |a Toyota under fire : |b lessons for turning crisis into opportunity. |
| 260 | 0 | 0 | |a New York: |b McGraw Hill, |c 2012. |
| 300 | # | # | |a 241 p. |
| 650 | 0 | 0 | |a Automobile industry and trade |
| 650 | 0 | 0 | |a Corporate culture |
| 650 | 0 | 0 | |a Organizational effectiveness |
| 700 | 1 | 0 | |a Ogden, |h Timothy N. |
| 999 | |a B000031348 |b Book |c Book |e Business Information Centre | ||


